И[нформационное] п[исьмо]. 17 (Запись № 2012387)

Подробности
000 -МАРКЕР
контрольное поле 03530nam2a22002651 4500
001 - ИДЕНТИФИКАТОР ЗАПИСИ
контрольное поле RU\NLR\IC100\5000003230
005 - ИДЕНТИФИКАТОР ВЕРСИИ
контрольное поле 20250617040404.0
035 ## - ДРУГИЕ СИСТЕМНЫЕ НОМЕРА
Идентификатор записи (NLR Aleph) 002433088
100 ## - ДАННЫЕ ОБЩЕЙ ОБРАБОТКИ
Данные общей обработки 20050203d1956 |||y0rusy50 ca
101 0# - ЯЗЫК РЕСУРСА
Язык текста, звукозаписи и т.д. русский
102 ## - СТРАНА ПУБЛИКАЦИИ ИЛИ ПРОИЗВОДСТВА
Страна публикации Российская Федерация
105 ## - ПОЛЕ КОДИРОВАННЫХ ДАННЫХ: ТЕКСТОВЫЕ МАТЕРИАЛЫ, МОНОГРАФИЧЕСКИЕ
Кодированные данные о монографическом текстовом документе y ||||000|y
200 0# - ЗАГЛАВИЕ И СВЕДЕНИЯ ОБ ОТВЕТСТВЕННОСТИ
Основное заглавие 17
210 ## - ПУБЛИКАЦИЯ, РАСПРОСТРАНЕНИЕ И ДР.
Дата издания, распространения и т.д. 1956
Место издания, распространения и т.д. Б. м.
225 1# - СЕРИЯ
Основное заглавие серии ...
Обозначение тома 17
Наименование части ...
Обозначение тома [1955]
461 #0 - УРОВЕНЬ НАБОРА
Встроенное поле 001RU\NLR\INFOCOMM6\5000076399
-- 2001#$aИ[нформационное] п[исьмо]$fМ-во тяжелого машиностроения СССР. Центр. науч.-исслед. и проектно-конструкторский котлотурбинный ин-т им. И.И. Ползунова. Моск. отд-ние по прямоточному котлостроению, автоматике и энергооборудованию$v17
Системный номер (АБИС) связанной записи 1954893
Автор Центральный научно-исследовательский котлотурбинный институт им. И.И. Ползунова (Ленинград). Московское отделение по прямоточному котлостроению, автоматике и энергооборудованию
Место публикации М.
Дата публикации 1949-1960
Первые сведения об ответственности М-во тяжелого машиностроения СССР. Центр. науч.-исслед. и проектно-конструкторский котлотурбинный ин-т им. И.И. Ползунова. Моск. отд-ние по прямоточному котлостроению, автоматике и энергооборудованию
Имя издателя, распространителя и т.д. Машгиз
Заглавие И[нформационное] п[исьмо]
Номер тома 17
462 #0 - УРОВЕНЬ ПОДНАБОРА
Встроенное поле 001RU\NLR\IC100\5000003221
-- 2001#$aСборник аннотаций научно-исследовательских и проектно-конструкторских работ ...$fГос. ком. тяжелого, энерг. и трансп. машиностроения при Госплане СССР. Центр. науч.-исслед. и проектно-конструкторский котлотурбинный ин-т им. И.И. Ползунова. Моск. отд-ние по прямоточному котлостроению, автоматике и энергооборудованию. ЦБНТИ по машиностроению$v[1955]
Системный номер (АБИС) связанной записи 2012307
Автор Центральный научно-исследовательский котлотурбинный институт им. И.И. Ползунова (Ленинград). Московское отделение по прямоточному котлостроению, автоматике и энергооборудованию
Место публикации М.
Дата публикации 1949-1966
Первые сведения об ответственности Гос. ком. тяжелого, энерг. и трансп. машиностроения при Госплане СССР. Центр. науч.-исслед. и проектно-конструкторский котлотурбинный ин-т им. И.И. Ползунова. Моск. отд-ние по прямоточному котлостроению, автоматике и энергооборудованию. ЦБНТИ по машиностроению
Заглавие И[нформационное] п[исьмо]. - Сборник аннотаций научно-исследовательских и проектно-конструкторских работ ...
Номер тома [1955]
801 #1 - ИСТОЧНИК ЗАПИСИ
Страна Российская Федерация
Организация InfoComm
Дата составления 20050203
801 #0 - ИСТОЧНИК ЗАПИСИ
Страна Российская Федерация
Организация NLR
Правила каталогизации PSBO
852 ## - МЕСТОНАХОЖДЕНИЕ И ШИФР ХРАНЕНИЯ
Идентификатор организации NLR
Шифр хранения (Call Number) П10/927
942 ## - ДОПОЛНИТЕЛЬНЫЕ ЭЛЕМЕНТЫ ЗАПИСИ (АБИС)
Тип экземпляра АБИС Выпуск
980 ## - КОЛЛЕКЦИЯ
Название коллекции Национальная библиография
980 ## - КОЛЛЕКЦИЯ
Название коллекции Русская периодика

Нет доступных экземпляров.